Datum a čas kvízu
30.5
Celkem bodů
Celkový počet nahraných bodů na tomto kvízu bez doplňovacích otázek.
7.
Pořadí na kvízu
Konečné umístění týmu na tomto kvízu.
Zaznamenané odpovědi
| # | Otázka | Odpověď | Body | Výsledky |
|---|---|---|---|---|
| 1. | Na konci ledna představil orga... | růžová, žlutá a modrá | 0.5 | |
| 2. | Během uplynulého víkendu se v... | láska | 0 | |
| 3. | Univerzitní knihovna na konci... | piano/klavír | 1 | |
| 4. | Věděli jste, že univerzitní in... | C | 1 | |
| 5. | V laboratořích FTK UP se v pol... | 1. FC Slovácko | 1 | |
| 6. | Ani s nastupujícími AI nástroj... | B | 0 | |
| 7. | "Znám křišťálovou studánku, kd... | ů | 0 | |
| 8. | Spisovná čeština se odvíjí od... | Ústav pro jazyk český Akademie věd České republiky | 0 | |
| 9. | Jak nazýváme grafický znak (id... | piktogram | 1 | |
| 10. | Jak se jmenoval muž, který stá... | Ľudovít Štúr | 0 |